Baptism in the New Testament /

Bibliographic Details
Main Author: Cullmann, Oscar
Format: Book
Language:English
German
Published: Philadelphia, Pa. : Westminster Press, [1978?]
Series:Studies in biblical theology ; no. 1.
Subjects:

MARC

Tag First Indicator Second Indicator Subfields
LEADER 00000pam a2200000 a 4500
001 in00000075507
005 20151008053631.0
008 780403c19781950pau b 00110 engm
010 |a  78006937  
020 |a 0664242197 
035 |a (OCoLC)03843633 
035 |9 AAH8101AM 
040 |a DLC  |c DLC  |d m.c.  |d TXA  |d UtOrBLW 
041 1 |a eng  |a ger 
049 |a TXAM  |c [932608] 
050 0 0 |a BV806  |b .C84 1978 
082 0 |a 234/.161 
090 |a BV806  |b .C8413 1978 
100 1 |a Cullmann, Oscar. 
240 1 4 |a Die Tauflehre des Neuen Testaments.  |l English 
245 1 0 |a Baptism in the New Testament /  |c Oscar Cullmann. 
264 1 |a Philadelphia, Pa. :  |b Westminster Press,  |c [1978?] 
264 4 |c ©1950 
300 |a 84 pages ;  |c 22 cm. 
336 |a text  |b txt  |2 rdacontent 
337 |a unmediated  |b n  |2 rdamedia 
338 |a volume  |b nc  |2 rdacarrier 
500 |a Translation of: Die Tauflehre des Neuen Testaments. 
500 |a Reprint. Originally published: London : SCM Press, 1950. (Studies in Biblical theology ; number 1). 
504 |a Includes bibliographical references and indexes. 
650 0 |a Baptism  |x Biblical teaching. 
830 0 |a Studies in biblical theology ;  |v no. 1. 
999 |a MARS 
999 f f |s cc0213f9-509b-3499-af61-dd4f660135e3  |i dcec5548-574a-3088-a7b0-a53a02d8874b  |t 0 
952 f f |p ric  |a Texas A&M University  |b Rellis Campus  |c Joint Library Facility  |d Remote Storage  |t 0  |e BV806 .C8413 1978  |h Library of Congress classification  |i unmediated -- volume  |m A14806092329 
998 f f |a BV806 .C8413 1978  |t 0  |l Remote Storage